000 00728nam a2200217 i 4500
001 21261
003 ES-MaACL
005 20230906152439.0
007 t|
008 021122s1972 sp ||||1| spa d
100 1 _aAdamov, Arthur.
_918377
245 1 3 _aEl hombre y el niño /
_cArthur Adamov ; [traducción, Charo Ema].
260 _aMadrid :
_bCuadernos para el Diálogo,
_c1972.
300 _a232 p. ;
_c19 cm.
490 1 _aEdiciones de bolsillo ;
_v178. Literatura-ensayo-memorias ;
_v1
700 1 _aEma, Charo.
_947133
710 2 _aCuadernos para el Diálogo.
_93333
830 1 _aEdiciones de bolsillo ;
_v178. Literatura-ensayo-memorias ;
_v1
_9180756
852 _aES-MaACL
_jC-42847
999 _c21261
_d21261